[Event "CZE-ch U16 2020"]
[Site "Kouty nad Desnou"]
[Date "2020.03.10"]
[Round "5.1"]
[White "Placer, Sebastian"]
[Black "Frank, Adam"]
[Result "1/2-1/2"]
[WhiteElo "2189"]
[BlackElo "2196"]
[Annotator "TA"]
[PlyCount "62"]
[EventDate "2020.03.07"]
[EventCountry "CZE"]
[SourceTitle "playchess.com"]
[Source "ChessBase"]
[SourceQuality "1"]

{[%evp 12,62,11,13,49,27,86,-34,0,-3,0,2,-16,-10,-10,-16,3,0,51,61,50,60,85,56,61,44,51,45,44,41,37,26,29,31,86,25,79,81,107,109,111,6,5,0,8,0,117,117,117,114,114,104,113]} 1. d4 g6 2. e4 d6 3. Nc3 Nf6 4. f4 Bg7 5. Nf3 O-O 6. e5 dxe5 7. fxe5 {The main line 7.fxe5 scores better than 7.dxe5.} Nfd7 {B09: Pirc Defence: Austrian Attack.} 8. Bc4 c5 (8... Nb6 $11 9. Bb3 Nc6) 9. dxc5 {[#]} (9. e6 $16) 9... Nxe5 $146 {Black is slightly better.} ({Predecessor:} 9... Qa5 10. Qe2 Nc6 11. Bf4 Nxc5 12. O-O-O Bg4 13. Nd5 e6 14. Nf6+ Bxf6 15. exf6 Na4 {½-½ (63) Leisebein,P (2409)-Lehmann,S (2359) Remote email 2011}) 10. Nxe5 Qxd1+ 11. Nxd1 Bxe5 12. c3 Nc6 {[%cal Bb8c6,Bc6a5,Ba5c4][%mdl 32]} 13. O-O Na5 14. Bd5 Be6 (14... Bg7 $11) 15. Bxe6 $14 fxe6 16. Re1 Bf6 17. Rxe6 Rac8 18. Be3 Nc4 19. Bd4 Rfd8 20. Bxf6 exf6 21. Rxf6 Rxc5 22. b3 Ne5 (22... Nd2 $14) 23. Rf4 (23. c4 $16) 23... Rcd5 (23... Nd3 $11 {remains equal.} 24. Re4 b5) 24. Nf2 $16 Rd2 25. Ne4 Re2 26. Ng3 (26. Kf1 $16 Rc2 27. Rf2 Rxf2+ 28. Kxf2) 26... Rc2 $11 27. Ne4 Nd3 28. Rff1 {Hoping for Rad1.} Ne5 (28... Kg7 $11) 29. Rf2 $16 {White is better.} Rxf2 30. Kxf2 Kg7 31. Kg3 b6 {Accuracy: White = 72%, Black = 50%.} 1/2-1/2

[Event "CZE-ch U16 2020"]
[Site "Kouty nad Desnou"]
[Date "2020.03.10"]
[Round "5.2"]
[White "Vojta, Jakub"]
[Black "Kusa, Jakub"]
[Result "1/2-1/2"]
[WhiteElo "2214"]
[BlackElo "2188"]
[Annotator "TA"]
[PlyCount "102"]
[EventDate "2020.03.07"]
[EventCountry "CZE"]
[SourceTitle "playchess.com"]
[Source "ChessBase"]
[SourceQuality "1"]

{[%evp 14,102,16,17,35,39,33,38,56,22,51,50,73,55,56,49,56,39,53,57,57,45,66,51,44,29,28,30,34,19,35,17,25,19,20,19,11,14,79,77,85,77,62,19,33,26,35,0,0,-35,-39,-95,-71,-137,-136,-136,-122,-122,-122,-271,-262,-220,-83,-83,-83,-83,-83,-83,-83,-83,-83,-83,-83,-83,-83,-83,-83,-83,-83,-83,-83,-83,-83,-83,-75,-83,-83,-83,-75,-119,-83]} 1. Nf3 Nf6 2. b3 g6 3. Bb2 Bg7 4. g3 b6 5. Bg2 Bb7 6. O-O O-O 7. c4 d6 8. d4 Nbd7 {A15: English Opening: 1...Nf6.} 9. Qc2 Re8 {[#]} 10. Rd1 $146 ({Predecessor:} 10. Nc3 e5 11. dxe5 dxe5 12. Rfd1 Qb8 13. Nd5 c6 14. Nc3 Qc7 15. Ba3 e4 16. Bd6 {1-0 (50) Salinas Herrera,P (2506)-Garcia Ramos,D (2348) Barcelona 2019}) 10... Qc8 {White is slightly better.} 11. Bh3 Bxf3 12. exf3 Qb7 13. f4 e6 14. Nd2 c6 15. Nf3 Rac8 16. Bg2 Red8 17. a4 a6 18. Qe2 b5 19. axb5 axb5 20. Ba3 Bf8 21. Rdc1 Qb6 22. Qe3 bxc4 23. bxc4 c5 24. Rcb1 Qc7 $1 25. dxc5 dxc5 (25... Nxc5 $11 {remains equal.} 26. Bb4 Qd7) 26. Bb2 $16 Ra8 27. Rxa8 Rxa8 28. Ne5 Rb8 29. Nxd7 Qxd7 30. Bf3 Qc7 31. Kg2 {And now Be5 would win.} Qb6 $1 32. Qe5 ({White should try} 32. Be2 $15) 32... Bg7 $17 33. Be4 {[#]} (33. Qe3 $142) 33... Nh5 $1 34. Qxb8+ Qxb8 35. Bxg7 {[#]} Nxf4+ $1 {[%mdl 512]} 36. Kf3 (36. Kg1 $17 Qd6 37. Bh6 Ne2+ 38. Kg2) (36. gxf4 Qxf4) 36... Qd6 $19 37. Bh6 f5 (37... Nd3 $19 {and Black stays clearly on top. White must now prevent ...f5.} 38. Kg2 Ne5) 38. Bxf4 $17 {Black is better.} fxe4+ {[%mdl 4096] Endgame KQ-KRB} 39. Kg2 Qd3 40. Rc1 Qf3+ 41. Kg1 h5 {Hoping for ...h4!} 42. h4 Qa3 43. Be3 Kf7 44. Rb1 Qa4 45. Rb5 Qxc4 46. Rxc5 Qb3 47. Kg2 Qb2 48. Bf4 Qa3 49. Be3 Qa4 50. Kh2 Qd1 51. Kg2 Qf3+ {Accuracy: White = 77%, Black = 85%.} 1/2-1/2

[Event "CZE-ch U16 2020"]
[Site "Kouty nad Desnou"]
[Date "2020.03.10"]
[Round "5.3"]
[White "Nytra, Ondrej"]
[Black "Mach, Petr"]
[Result "0-1"]
[WhiteElo "2181"]
[BlackElo "2045"]
[Annotator "TA"]
[PlyCount "50"]
[EventDate "2020.03.07"]
[EventCountry "CZE"]
[SourceTitle "playchess.com"]
[Source "ChessBase"]
[SourceQuality "1"]

{[%evp 13,50,8,27,0,0,-41,-34,-21,-21,-147,-156,-158,-155,-342,-256,-237,-254,-424,-431,-405,-419,-1017,-918,-935,-591,-985,-986,-963,-496,-487,-434,-821,-484,-814,-798,-29986,-785,-29998,-29999]} 1. e4 c5 2. Nf3 d6 3. d4 cxd4 4. Nxd4 Nf6 5. Nc3 a6 6. Be2 e6 7. O-O Nbd7 8. Kh1 {B84: Sicilian Scheveningen: 6 Be2 a6, lines without early Be3.} b5 {[%cal Bb7b5,Bb5b4][%mdl 32] [#]} 9. Bg5 $146 ({Predecessor:} 9. a3 Bb7 10. Bd3 Be7 11. f4 O-O 12. g4 Nc5 13. Qe2 h6 14. h4 d5 15. e5 Nfe4 16. Nxe4 dxe4 17. g5 exd3+ 18. Kh2 dxe2 {0-1 (18) Von Rosenberg,C (1003)-Negru,L (1782) IECC email 2014}) 9... Bb7 10. f4 {Black is slightly better.} b4 11. e5 (11. Na4 $11) 11... dxe5 $17 (11... bxc3 12. exf6 gxf6 13. Bh4) 12. fxe5 Nxe5 ({Weaker is} 12... bxc3 13. exf6 Nxf6 14. Bxf6 $14) 13. Ncb5 $2 (13. Na4 $17 {was necessary.}) 13... axb5 14. Bxb5+ Ned7 15. Nxe6 $2 (15. Qe2 {might work better.} Qb6 16. Bxf6 gxf6 17. Bxd7+ Kxd7 18. Rxf6) 15... fxe6 $19 16. Rxf6 gxf6 {[#]} 17. Qh5+ (17. Bxf6 $142 $1 {[%mdl 512]} Rg8 (17... Qxf6 18. Qxd7#) 18. Qh5+ Rg6 19. Bxd8 Bxg2+ 20. Kg1 Bf3+ {[%mdl 64] Discovered Attack} 21. Qxg6+ hxg6 22. Bh4) 17... Ke7 18. Bd2 Kd6 19. Qf7 Kc7 20. Rd1 Bxg2+ 21. Kxg2 {Black must now prevent Bf4+.} Bd6 22. Kh1 (22. Kf1 $142 Qe7 23. Qxe7 Bxe7 24. Bf4+ Ne5 25. Bc4) 22... Qe8 23. Qg7 (23. Qxe8 $142 Rhxe8 24. Bxb4 Bxb4 25. Rxd7+ Kb6 26. a4) 23... Rg8 24. Qh6 Qg6 (24... Rxa2 $142 25. Bc6 Kxc6 26. Qh3 Qg6 27. Qf3+ {[#]} Kc7 $1 {[%mdl 512]} 28. Bxb4 Bxb4 29. Qg3+ Qxg3 30. hxg3 Rxb2 31. Rg1 Ne5 32. Kg2 Rxc2+ 33. Kh3 Rg6 $1 {[%mdl 512]} 34. g4 Rh6+ 35. Kg3 Bd6 36. Kf4 Rh3 37. Rg3 Nc6+ 38. Ke4 Rxg3 39. g5 f5#) 25. Qh3 Qe4+ {White did not feel at home in the position after the opening. Accuracy: White = 12%, Black = 88%.} 0-1

[Event "CZE-ch U16 2020"]
[Site "Kouty nad Desnou"]
[Date "2020.03.10"]
[Round "5.4"]
[White "Gnojek, Petr"]
[Black "Jun, Rudolf Jr."]
[Result "1/2-1/2"]
[WhiteElo "2129"]
[BlackElo "2104"]
[Annotator "TA"]
[PlyCount "77"]
[EventDate "2020.03.07"]
[EventCountry "CZE"]
[SourceTitle "playchess.com"]
[Source "ChessBase"]
[SourceQuality "1"]

{[%evp 14,77,8,-12,27,-23,22,22,33,26,60,53,60,54,97,88,93,50,82,82,90,0,74,74,75,75,88,75,85,85,85,56,116,108,131,130,153,141,202,166,175,47,47,48,48,47,47,17,17,6,19,0,0,0,0,0,1,1,1,-16,-16,-105,-105,-105,-105,-105]} 1. d4 Nf6 2. c4 g6 3. Nc3 Bg7 4. g3 O-O 5. Bg2 d6 6. e3 c6 7. Nge2 e5 8. b3 Qc7 {E61: King's Indian: Early deviations for White, including Smyslov System.} 9. a4 {[#]} Be6 $146 ({Predecessor:} 9... Bf5 10. h3 h5 11. Ra2 Na6 12. e4 Be6 13. d5 cxd5 14. exd5 Bf5 15. Nb5 Qd7 16. Ba3 {0-1 (32) Nemety,L (2210)-Moracchini,F (2270) Issy les Moulineaux 1989}) 10. Ba3 Rd8 {The position is equal.} 11. d5 Bg4 12. h3 Bxe2 13. Qxe2 c5 14. O-O Ne8 15. Ne4 Nf6 16. Nd2 Ne8 17. Ne4 Nf6 18. Nxf6+ Bxf6 19. Bb2 $36 {[%mdl 2048] Black is under strong pressure.} Qe7 20. Rae1 Nd7 {[#]} 21. e4 $1 Bg7 22. f4 Rf8 {[#]} (22... exf4 $14 23. gxf4 Bxb2 24. Qxb2 Re8) 23. f5 $1 $16 g5 24. Bc1 f6 25. h4 h6 (25... Bh6 $16 26. Kf2 Qg7) 26. hxg5 fxg5 27. f6 ({White should try} 27. Bd2 $18) 27... Rxf6 $14 28. Bh3 Rxf1+ 29. Rxf1 {Hoping for Be6+.} Rf8 30. Bf5 {[%mdl 1024] White has compensation.} a5 31. Qh5 Rf6 $1 32. Be6+ Kf8 33. Bf5 Qe8 34. Qg4 Ke7 35. Bd2 b6 36. Bxd7 Qxd7 37. Qxd7+ (37. Qh5 $11) 37... Kxd7 $17 38. Rxf6 Bxf6 39. g4 {Accuracy: White = 73%, Black = 75%.} 1/2-1/2

[Event "CZE-ch U16 2020"]
[Site "Kouty nad Desnou"]
[Date "2020.03.10"]
[Round "5.5"]
[White "Vecera, Dominik"]
[Black "Barak, David"]
[Result "1/2-1/2"]
[WhiteElo "1814"]
[BlackElo "2114"]
[Annotator "TA"]
[PlyCount "91"]
[EventDate "2020.03.07"]
[EventCountry "CZE"]
[SourceTitle "playchess.com"]
[Source "ChessBase"]
[SourceQuality "1"]

{[%evp 12,91,45,43,87,84,103,91,106,106,111,91,105,108,113,110,109,73,79,82,76,81,103,74,74,77,74,60,65,52,52,54,54,18,18,14,14,-10,-9,-9,-11,-21,-20,-11,0,0,37,20,21,5,653,26,663,660,631,135,128,0,0,-85,-101,-154,0,-200,-91,-91,-91,-91,-91,-91,-33,-33,-33,-33,-17,-17,-17,-17,-17,-17,-8,-8]} 1. e4 c5 2. Nf3 Nc6 3. d4 cxd4 4. Nxd4 Nf6 5. Nc3 d6 6. Bg5 Bd7 7. Qd2 Qa5 {[#] B61: Sicilian: Richter-Rauzer: 6...Bd7 7 Qd2.} 8. Nb3 $1 {[%cal Rb3a5]} Qc7 9. O-O-O h6 {White is better.} 10. Bxf6 gxf6 {[#]} 11. f4 $146 ({Predecessor:} 11. Be2 Bg7 12. f4 f5 13. exf5 Bxf5 14. g4 Be6 15. Nd5 Bxd5 16. Qxd5 a5 17. a4 {0-1 (29) Gieben,S (2048)-Richters,M (2075) Groningen 2012}) 11... a6 12. Nd5 Qd8 13. Qf2 b5 14. Qb6 (14. Be2 {is interesting.} Bg7 15. f5 O-O 16. Rd3 Kh8 17. Rg3) 14... Qxb6 15. Nxb6 Ra7 16. Nxd7 Rxd7 17. Be2 Rc7 18. Kb1 e6 19. Nd4 Be7 20. a4 bxa4 21. Bxa6 {Hoping for Bb5.} O-O 22. Bb5 Nxd4 23. Rxd4 Ra8 24. Rhd1 a3 25. bxa3 Rxa3 26. R1d3 Ra5 27. Rb3 Rb7 28. Be2 Raa7 29. Rc4 Kg7 30. Rc8 Rc7 $2 {[%mdl 8192]} (30... Rxb3+ $11 31. cxb3 Ra5) 31. Rg3+ $18 Kh7 {[#]} 32. Rcg8 $1 {[%csl Gg8][%cal Rg3g7]} h5 33. Bxh5 $2 (33. R3g7+ $18 {and the rest is easy.} Kh6 34. Rxf7) 33... d5 $16 34. Be2 (34. R8g7+ $16 Kh8 35. Bxf7 Rab7+ 36. Kc1 Ba3+ {[%mdl 64] Discovered Attack} 37. Kd1 Rxf7 38. Rxf7 Rxf7 39. Rxa3) 34... Ba3 $36 {[%mdl 2048] ...Rcb7+ is the strong threat. Black is more active.} 35. Rb8 (35. c4 $11 {remains equal.} Rab7+ 36. Kc2 (36. Ka2 Bc1 $17) 36... Rb2+ 37. Kd1) 35... dxe4 $17 36. Rh3+ (36. Bb5 $142) 36... Kg7 $2 (36... Kg6 $17 37. Rhb3 f5) 37. g4 $2 (37. Rg3+ $11 {and White is okay.} Kh7 38. Bb5) 37... Rcb7+ (37... Bd6 $19 {is more deadly.} 38. Re3 Rc5) 38. Rxb7 Rxb7+ 39. Rb3 Rxb3+ 40. cxb3 {[%mdl 4096] Endgame KB-KB} Bd6 ({Better is} 40... f5 $17 41. gxf5 exf5) 41. f5 $1 $15 Bxh2 42. Bc4 exf5 43. gxf5 {The position is equal.} Kh6 {Threatens to win with ...Kg5.} 44. Bd5 e3 {And now ...e2 would win.} 45. Kc2 Kg5 46. Kd3 {Accuracy: White = 73%, Black = 77%.} 1/2-1/2

[Event "CZE-ch U16 2020"]
[Site "Kouty nad Desnou"]
[Date "2020.03.10"]
[Round "5.6"]
[White "Vantuch, Lucian"]
[Black "Neumann, Filip"]
[Result "1/2-1/2"]
[WhiteElo "1891"]
[BlackElo "2084"]
[Annotator "TA"]
[PlyCount "92"]
[EventDate "2020.03.07"]
[EventCountry "CZE"]
[SourceTitle "playchess.com"]
[Source "ChessBase"]
[SourceQuality "1"]

{[%evp 14,92,20,11,45,39,42,31,18,-18,67,66,48,16,19,27,29,32,113,96,99,100,119,16,10,22,53,54,87,87,84,83,83,85,87,59,65,16,13,4,6,0,0,0,0,0,0,0,0,0,0,0,0,0,0,0,0,0,301,301,308,308,308,308,310,269,295,302,302,310,324,324,324,339,346,353,367,375,389,397,397]} 1. e4 c5 2. Nf3 Nc6 3. d4 cxd4 4. Nxd4 g6 5. Nc3 Bg7 6. Be3 Nf6 7. Bc4 O-O 8. Bb3 Re8 {B35: Sicilian: Accelerated Dragon with 5 Nc3: main line.} 9. f3 e6 10. Qd2 d5 {White is slightly better.} 11. exd5 Nxd4 (11... Nxd5 $11 12. Nxd5 Nxd4) 12. Bxd4 $14 exd5+ 13. Ne2 Qe7 14. Kf2 {[#]} Nh5 $146 {[#] And now ...Qxe2+! would win.} ({Predecessor:} 14... b6 15. Rhe1 Ba6 16. Nf4 Qd6 17. Kg1 Bh6 18. Bxf6 Bxf4 19. Qd4 Bxh2+ 20. Kh1 Bg3 21. Bxd5 Rxe1+ 22. Rxe1 {0-1 (31) Goncalves,G (1727)-Pintor,S (2060) Lisbon 2018}) 15. Bxg7 Kxg7 (15... Nxg7 $14 16. Nd4 Qd6) 16. Rhe1 Be6 17. Rad1 a6 18. Bxd5 ({Better is} 18. g4 $16 Qc5+ 19. Qd4+ Qxd4+ 20. Rxd4 (20. Nxd4 Nf4 $16)) 18... Bxd5 $11 19. Qxd5 Qh4+ 20. Ng3 $1 Qxh2 21. Nxh5+ Qxh5 22. Qxh5 gxh5 23. Rxe8 Rxe8 $14 {[%mdl 4096] Endgame KR-KR} 24. Rd7 b5 25. Rd6 b4 $1 26. Rxa6 {aiming for Rb6.} Rc8 27. c3 bxc3 28. bxc3 Rxc3 29. Kg3 Rc2 30. a4 {[%cal Ba2a4,Ba4a5,Ba5a6,Ba6a7][%mdl 32]} Ra2 31. Ra8 h4+ 32. Kh3 f6 33. a5 {Black should prevent a6.} Ra4 34. a6 h6 35. a7 Ra1 $2 {[%mdl 8192]} (35... f5 $1 $11 {and Black is okay.}) 36. Kxh4 $18 Ra2 37. Kg3 Ra1 38. Kg4 Ra2 39. g3 Ra1 40. Kf4 Ra2 41. Ke4 Ra1 42. Kd5 Ra2 43. Kd6 Rd2+ 44. Ke6 {[#] White threatens Rg8+! and mate.} Re2+ {White is winning.} 45. Kf5 {Threatening mate with Rg8+.} Re5+ 46. Kf4 {Rb8 would kill now.} Ra5 {[%mdl 32768] Accuracy: White = 80%, Black = 75%. . An unexpected result.} 1/2-1/2

[Event "CZE-ch U16 2020"]
[Site "Kouty nad Desnou"]
[Date "2020.03.10"]
[Round "5.7"]
[White "Ret, Adam Josef"]
[Black "Krizek, Krystof"]
[Result "1-0"]
[WhiteElo "1999"]
[BlackElo "1947"]
[Annotator "TA"]
[PlyCount "45"]
[EventDate "2020.03.07"]
[EventCountry "CZE"]
[SourceTitle "playchess.com"]
[Source "ChessBase"]
[SourceQuality "1"]

{[%evp 15,45,4,6,11,29,29,24,20,24,18,18,17,22,0,0,13,2,-18,10,10,47,0,81,50,442,454,645,655,654,646,769,760]} 1. d4 d5 2. c4 e6 3. Nc3 Nf6 4. cxd5 exd5 5. Bg5 Be7 6. e3 c6 7. Bd3 Nbd7 8. Nge2 h6 9. Bh4 {D35: Queen's Gambit Declined: Exchange Variation.} Nh5 10. Bxe7 Qxe7 11. Qd2 $1 {[%mdl 4] [#] White has an edge. is more profitable than 11.0-0 at the moment.} Nhf6 $146 ({Predecessor:} 11... Nb6 12. f3 Bd7 13. O-O O-O 14. g4 Nf6 15. Ng3 Ne8 16. Rae1 Nd6 17. e4 dxe4 18. fxe4 {1-0 (43) Mamedyarov,S (2766)-Adams,M (2751) Sharjah 2017}) 12. f3 O-O 13. O-O Re8 14. e4 dxe4 15. fxe4 c5 $1 16. d5 Ne5 17. Bb5 $36 {[%mdl 2048] Black must now prevent Rxf6. Black is under pressure.} Bd7 {aiming for ...Bxb5.} 18. Bxd7 Qxd7 (18... Nc4 $11 19. Qd3 Ne5) 19. Ng3 {Rxf6! is the strong threat.} Rad8 $2 {[%mdl 8192] [#] Loses the game.} (19... Qd8 $14) 20. Rxf6 $1 $18 {[%mdl 512] White is clearly winning.} gxf6 (20... Qe7 $142 21. Rf5 Nc4) 21. Nf5 Ng4 {and the idea ...Rxe4 leaves Black hopeful.} 22. Qf4 h5 23. h3 {Accuracy: White = 83%, Black = 39%.} 1-0

[Event "CZE-ch U16 2020"]
[Site "Kouty nad Desnou"]
[Date "2020.03.10"]
[Round "5.8"]
[White "Nezval, Filip"]
[Black "Hosnedl, Matyas"]
[Result "1-0"]
[WhiteElo "1940"]
[BlackElo "1977"]
[Annotator "ChessBase"]
[PlyCount "69"]
[EventDate "2020.03.07"]
[EventCountry "CZE"]
[SourceTitle "playchess.com"]
[Source "ChessBase"]
[SourceQuality "1"]
[TimeControl "5400+30"]

1. d4 {[%emt 0:00:00]} Nf6 {[%emt 0:00:00]} 2. c4 {[%emt 0:00:00]} c5 {[%emt 0:00:00]} 3. d5 {[%emt 0:00:00]} b5 {[%emt 0:00:36]} 4. cxb5 {[%emt 0:00:00]} a6 {[%emt 0:00:13]} 5. b6 {[%emt 0:00:13]} g6 {[%emt 0:00:58]} 6. Nc3 {[%emt 0:00:08]} Bg7 {[%emt 0:00:13]} 7. e4 {[%emt 0:00:23]} d6 {[%emt 0:00:44]} 8. a4 {[%emt 0:01:47]} Qxb6 {[%emt 0:05:12]} 9. Nf3 {[%emt 0:02:15]} O-O {[%emt 0:02:08]} 10. Nd2 {[%emt 0:00:06]} Nfd7 {[%emt 0:07:05]} 11. Be2 {[%emt 0:01:48]} f5 {[%emt 0:04:32]} 12. O-O {[%emt 0:07:02]} Ne5 {[%emt 0:07:08]} 13. f4 {[%emt 0:05:53]} c4+ {[%emt 0:11:58]} 14. Kh1 {[%emt 0:00:12]} Nd3 {[%emt 0:00:08]} 15. Nxc4 {[%emt 0:03:03]} Nf2+ {[%emt 0:00:27]} 16. Rxf2 {[%emt 0:00:08]} Qxf2 {[%emt 0:00:06]} 17. Be3 {[%emt 0:00:05]} Qh4 {[%emt 0:00:18]} 18. Nb6 {[%emt 0:00:14]} Bb7 {[%emt 0:03:48]} 19. Nxa8 {[%emt 0:00:24]} Bxa8 {[%emt 0:00:05]} 20. exf5 {[%emt 0:09:41]} gxf5 {[%emt 0:00:29]} 21. Bf3 {[%emt 0:03:37]} Nd7 {[%emt 0:00:20]} 22. Qe2 {[%emt 0:07:33]} Nf6 {[%emt 0:00:59]} 23. Rd1 {[%emt 0:07:54]} Ng4 {[%emt 0:03:54]} 24. Bg1 {[%emt 0:02:29]} Qh6 {[%emt 0:01:05]} 25. g3 {[%emt 0:14:42]} Qh5 {[%emt 0:04:02]} 26. Kg2 {[%emt 0:02:00]} Qf7 {[%emt 0:01:05]} 27. Qxa6 {[%emt 0:03:19]} Rb8 {[%emt 0:03:10]} 28. Qe2 {[%emt 0:01:08]} Nf6 {[%emt 0:00:30]} 29. Rd2 {[%emt 0:01:46]} Rb4 {[%emt 0:02:36]} 30. a5 {[%emt 0:02:09]} Ne4 {[%emt 0:02:18]} 31. Nxe4 {[%emt 0:04:42]} fxe4 {[%emt 0:00:07]} 32. Bxe4 {[%emt 0:00:54]} Bxb2 {[%emt 0:03:02]} 33. Rxb2 {[%emt 0:03:24]} Rxe4 {[%emt 0:01:03]} 34. Qg4+ {[%emt 0:00:15]} Qg7 {[%emt 0:00:12]} 35. Rb8+ {[%emt 0:00:08]} 1-0

[Event "CZE-ch U16 2020"]
[Site "Kouty nad Desnou"]
[Date "2020.03.10"]
[Round "5.9"]
[White "Jares, Michal"]
[Black "Volak, Simon"]
[Result "1/2-1/2"]
[WhiteElo "1907"]
[BlackElo "1937"]
[Annotator "TA"]
[PlyCount "91"]
[EventDate "2020.03.07"]
[EventCountry "CZE"]
[SourceTitle "playchess.com"]
[Source "ChessBase"]
[SourceQuality "1"]

{[%evp 11,91,20,18,-16,6,-36,-31,-72,-44,-43,-46,-33,-27,-27,-27,-37,-31,-43,22,-60,-45,-64,-56,-90,-10,-21,0,-28,-24,0,0,-26,-36,-27,-23,-29,-14,-42,-35,-75,-74,-81,-81,-73,-20,-30,-18,-29,8,-79,-79,-74,-65,-123,-132,-267,-81,-219,-132,-220,-107,-95,-46,-54,0,0,0,0,0,0,0,0,0,0,0,0,0,0,0,0,17,0]} 1. Nf3 Nf6 2. g3 d5 3. Bg2 c6 4. O-O h6 5. d3 Bf5 6. Nbd2 e6 7. Nh4 {A07: Réti Opening: New York and Capablanca Systems.} Bh7 8. c3 Be7 {[#]} 9. Qb3 $146 {Black is slightly better.} ({Predecessor:} 9. Kh1 O-O 10. e4 dxe4 11. dxe4 e5 12. Qe2 Nbd7 13. Nf5 Bxf5 14. exf5 Re8 15. Nc4 {0-1 (35) Klek,H (2185)-Kuenzli,S (2024) Zuerich 2010}) 9... Qb6 10. Re1 O-O 11. e4 Nbd7 12. e5 {Strongly threatening Qxb6.} Ne8 13. d4 Qxb3 14. Nxb3 c5 (14... b6 $15) 15. Be3 ({White should play} 15. Nxc5 $11 Nxc5 16. dxc5) 15... c4 $1 $15 {[%cal Rc4b3]} 16. Nd2 b5 17. a4 Nc7 (17... a5 $1 $17) 18. axb5 $11 Nxb5 19. Ra5 Nc7 20. Rea1 a6 21. b3 cxb3 22. Nxb3 Rab8 23. Nd2 Rb2 24. Bf1 Nb8 25. c4 Bb4 26. R5a2 Rxa2 27. Rxa2 Bxd2 (27... Nc6 $17) 28. Bxd2 dxc4 29. Bxc4 Nb5 30. Bb4 {[#]} (30. d5 $11 Rc8 31. Bxb5 axb5 32. d6) 30... Rc8 $1 $17 {[%cal Rc8c4]} 31. Bxb5 axb5 32. Bc5 ({White should try} 32. f4 $15) 32... Nd7 33. Bd6 (33. f4 $17) 33... Bd3 $2 (33... g5 $19 {is more deadly.} 34. Nf3 Rc1+ 35. Kg2 Be4) 34. f3 (34. Ra1 $17 {might work better.}) 34... Nb6 35. Kf2 {[#]} (35. Bc5 $17 {was called for.} Na4 36. Ng2) 35... Nd5 (35... Rc1 $1 $19 {aiming for ...Bc4.} 36. g4 Bc4) 36. Ng2 Bc4 37. Rb2 Nb6 (37... Ra8 $15) 38. Ne3 $11 {The position is equal.} Na4 39. Rc2 Nb6 40. Bc5 Nd5 41. Nxc4 bxc4 42. Rxc4 Rb8 43. Rc2 Rb1 44. f4 h5 45. Ra2 g6 46. Ra8+ {Accuracy: White = 49%, Black = 64%.} 1/2-1/2

[Event "CZE-ch U16 2020"]
[Site "Kouty nad Desnou"]
[Date "2020.03.10"]
[Round "5.10"]
[White "Blaha, Marek"]
[Black "Kolar, Jan"]
[Result "1/2-1/2"]
[WhiteElo "1836"]
[BlackElo "1760"]
[Annotator "NA RC"]
[PlyCount "61"]
[EventDate "2020.03.07"]
[EventCountry "CZE"]
[SourceTitle "playchess.com"]
[Source "ChessBase"]
[SourceQuality "1"]
[TimeControl "5400+30"]

{[%evp 11,61,-6,0,32767,2,32767,4,32767,-6,0,0,9,0,0,22,2,27,18,25,32767,32767,32767,32767,32767,32767,21,32,20,50,51,49,44,59,46,57,48,55,2,46,6,0,-4,-1,0,-1,0,-2,-2,-4,0,0,0]} 1. e4 {[%emt 0:00:00]} e5 {[%emt 0:00:00]} 2. Nf3 {[%emt 0:00:00]} Nc6 {[%emt 0:00:00]} 3. Nc3 {[%emt 0:00:00]} Nf6 {[%emt 0:00:20]} 4. d4 {[%emt 0:00:31]} exd4 {[%emt 0:01:12]} 5. Nxd4 {[%emt 0:01:00]} Bb4 {[%emt 0:00:46]} 6. Nxc6 {[%emt 0:00:33]} bxc6 {[%emt 0:00:10]} 7. Bd3 {[%emt 0:00:12]} d5 {[%emt 0:00:44]} 8. exd5 {[%emt 0:00:29]} cxd5 {[%emt 0:00:32]} 9. O-O {[%emt 0:00:54]} O-O {[%emt 0:01:24]} 10. Bg5 {[%emt 0:01:50]} c6 {[%emt 0:00:45]} 11. Qf3 {[%emt 0:00:31]} Bd6 {[%emt 0:00:56]} 12. Rae1 {[%emt 0:00:35]} Rb8 {[%emt 0:00:44]} 13. Nd1 {[%emt 0:00:26]} h6 {[%emt 0:00:50]} 14. Bxf6 {[%emt 0:00:39]} Qxf6 {[%emt 0:00:26]} 15. Qxf6 {[%emt 0:00:07]} gxf6 {[%emt 0:00:22]} 16. b3 {[%emt 0:00:17]} Be6 {[%emt 0:00:42]} 17. Ne3 {[%emt 0:01:05]} Rfe8 {[%emt 0:01:00]} 18. Nf5 {[%emt 0:00:50]} Bxf5 {[%emt 0:00:42]} 19. Bxf5 {[%emt 0:00:03]} Rxe1 {[%emt 0:01:07]} 20. Rxe1 {[%emt 0:00:06]} Kf8 {[%emt 0:00:26]} 21. Kf1 {[%emt 0:00:50]} Re8 {[%emt 0:01:49]} 22. h3 {[%emt 0:02:21]} Re5 {[%emt 0:00:26]} 23. Rxe5 {[%emt 0:00:25]} fxe5 {[%emt 0:00:04]} 24. f3 {[%emt 0:00:17]} h5 {[%emt 0:01:16]} 25. g4 {[%emt 0:00:38]} hxg4 {[%emt 0:00:12]} 26. hxg4 {[%emt 0:00:17]} Ke7 {[%emt 0:00:25]} 27. Ke2 {[%emt 0:00:15]} Bc7 {[%emt 0:00:29]} 28. a4 {[%emt 0:00:15]} a5 {[%emt 0:00:29]} 29. Kd3 {[%emt 0:00:18]} Kd6 {[%emt 0:00:17]} 30. Bc8 {[%emt 0:00:23]} f6 $11 {[%emt 0:00:22]} 31. Bf5 {[%emt 0:00:03]} 1/2-1/2